Guess the WWE Superstar - Statistics

General Stats
  • This quiz has been taken 294 times
    282 since last reset
  • The average score is 26 of 43
Answer Stats
Hint Answer % Correct
3:16 'Stone Cold' Steve Austin
98%
Can you Smelllll? The Rock
94%
Booyaka Booyaka Rey Mysterio
91%
Best in the World CM Punk
89%
Devil's Favourite Demon Kane
88%
Celtic Warrior Sheamus
84%
Feed Me More Ryback
83%
Suplex City Brock Lesnar
82%
Mr. Wrestlemania Shawn Michaels
82%
Booty O's The New Day
82%
Lunatic Fringe Dean Ambrose
81%
Wooooooooo Ric Flair
77%
The Champ is Here!!! John Cena
75%
'Your Fired' Vince McMahon
73%
Defeated Undertaker at Wrestlemania 33 Roman Reigns
71%
First NXT Champion Seth Rollins
68%
Hugger Section Bayley
66%
'Glorious' Bobby Roode
66%
^TagTeam Partner of the Above^ Triple H
66%
^Girfriend of the Above^ AJ Lee
63%
'Delete!' Matt Hardy (Broken)
63%
Bulgarian Brute Rusev
62%
^Daughter of the Above^ Stephanie McMahon
60%
Up Up Down Down Xavier Woods
58%
I am Perfection Dolph Ziggler
57%
^Client of the Above^ Paul Heyman
57%
3D Dudley Boyz
53%
^Brother of the Above^ Jeff Hardy
52%
'Oh its True, It's Damn True!' Kurt Angle
52%
^Wife of the Above^ Lana
50%
5 time 5 time 5 time 5 time 5 time Booker T
47%
King of Strong Style Shinsuke Nakamura
46%
Perfect 10 Tye Dillinger
46%
Starship Pain John Morrison
42%
First Royal Rumble Winner 'Hacksaw' Jim Duggan
41%
King of the Cruiserweights Neville
41%
Undefeated for 15 years Andre 'The Giant'
37%
Straight Fire Becky Lynch
37%
'When it Comes Crashing Down' Hulk Hogan
32%
Tallest Superstar Ever Giant Gonzalez
29%
No Chin Music James Ellsworth
23%
Longest Reigning Womens Champion Fabulous Moolah
21%
Grand Amplitude American Alpha
10%
No matching quizzes found
Score Distribution
Percent of People with Each Score
Percentile by Number Answered
Your Score History
You have not taken this quiz since the last reset